000 00463cam a2200169ua 4500
003 OSt
008 250328b |||||||| |||| 00| 0 eng d
020 _a81-239-0039-2
041 _aeng
082 _a624.151
_bALA/SO
100 _aAlam, Singh .
_97376
245 _aSoil engineering in theory and practice, Vol 2 /
260 _aNew Delhi :
_bC B S Publishers & Distributers ,
_c1990.
300 _a777 ; .
700 1 _aChawdhary, G.R .
_97377
942 _cBK
999 _c10804
_d10804